|
|
|
|
| LEADER |
01697nam a22003974a 4500 |
| 001 |
EBC3050546 |
| 003 |
MiAaPQ |
| 005 |
20200520144314.0 |
| 006 |
m o d | |
| 007 |
cr cn||||||||| |
| 008 |
011016s2001 dcua sb i000 0 eng |
| 010 |
|
|
|z 2001046977
|
| 020 |
|
|
|z 0821350439 (pbk.)
|
| 035 |
|
|
|a (MiAaPQ)EBC3050546
|
| 035 |
|
|
|a (Au-PeEL)EBL3050546
|
| 035 |
|
|
|a (CaPaEBR)ebr10038478
|
| 035 |
|
|
|a (CaONFJC)MIL8769
|
| 035 |
|
|
|a (OCoLC)52717133
|
| 040 |
|
|
|a MiAaPQ
|c MiAaPQ
|d MiAaPQ
|
| 050 |
|
4 |
|a HJ1070
|b .O43 2001
|
| 082 |
0 |
4 |
|a 336.4371
|2 21
|
| 100 |
1 |
|
|a Oliveira, Joao do Carmo.
|
| 245 |
1 |
0 |
|a Czech Republic
|h [electronic resource] :
|b intergovernmental fiscal relations in the transition /
|c Joao do Carmo Oliveira, Jorge Martinez-Vasquez.
|
| 260 |
|
|
|a Washington, D.C. :
|b World Bank,
|c c2001.
|
| 300 |
|
|
|a xxii, 92 p. :
|b ill.
|
| 490 |
1 |
|
|a World Bank technical paper ;
|v no. 517.
|a Europe and Central Asia poverty reduction and economic management series
|
| 504 |
|
|
|a Includes bibliographical references (p. 91-92).
|
| 533 |
|
|
|a Electronic reproduction. Ann Arbor, MI : ProQuest, 2015. Available via World Wide Web. Access may be limited to ProQuest affiliated libraries.
|
| 650 |
|
0 |
|a Finance, Public
|z Czech Republic.
|
| 650 |
|
0 |
|a Intergovernmental fiscal relations
|z Czech Republic.
|
| 655 |
|
4 |
|a Electronic books.
|
| 700 |
1 |
|
|a Martinez-Vazquez, Jorge.
|
| 710 |
2 |
|
|a ProQuest (Firm)
|
| 830 |
|
0 |
|a World Bank technical paper ;
|v no. 517.
|
| 830 |
|
0 |
|a World Bank technical paper.
|p Europe and Central Asia poverty reduction and economic management series.
|
| 856 |
4 |
0 |
|u https://ebookcentral.proquest.com/lib/matrademy/detail.action?docID=3050546
|z Click to View
|